| 000 | 00564nam a2200193 a 4500 | ||
|---|---|---|---|
| 005 | 20210219153005.0 | ||
| 008 | 991125n 000 0 eng u | ||
| 035 | _aUPN01000071548 | ||
| 100 | _aMacKenzie, Clayton G. | ||
| 222 | _aINTERNATIONAL REVIEW OF EDUCATION | ||
| 245 | _aDenominational primary schooling : the case of Trinidad and Tobago | ||
| 300 | _a211-226 | ||
| 362 | _a1991 37, no. 2 | ||
| 653 | 0 | _aEDUCACION PRIMARIA | |
| 653 | 0 | _aESCUELAS PARROQUIALES | |
| 653 | 0 |
_aRELACION GOBIERNO - _xESCUELA |
|
| 904 |
_aAC _b009359 |
||
| 905 | _aArticulo | ||
| 999 |
_c65639 _d65639 |
||